Wszystkie reprezentacje, które kiedykolwiek wystąpiły na PNA - Statystyki

Ogólne statystyki
  • Ten quiz został rozwiązany 31 razy
  • Średni wynik to 34 z 44
Statystyki odpowiedzi
Ilość startów Najwyższa pozycja Reprezentacja % Poprawnych
#12 Zwycięzca Republika Południowej Afryki
100%
#21 Zwycięzca Algieria
96%
#21 Zwycięzca Demokratyczna Republika Konga
96%
#27 Zwycięzca Egipt
96%
#24 Zwycięzca Ghana
93%
#20 Zwycięzca Maroko
93%
#2 Faza Grupowa Niger
93%
#22 Zwycięzca Tunezja
93%
#26 Zwycięzca Wybrzeże Kości Słoniowej
93%
#22 Zwycięzca Kamerun
89%
#7 Zwycięzca Kongo
89%
#1 Ćwierćfinał Madagaskar
89%
#21 Zwycięzca Nigeria
89%
#10 Ćwierćfinał Angola
85%
#2 Faza Grupowa Liberia
85%
#3 II Miejsce Libia
85%
#18 Zwycięzca Senegal
85%
#9 Zwycięzca Sudan
85%
#11 Zwycięzca Etiopia
81%
#6 Faza Grupowa Kenia
81%
#9 Ćwierćfinał Gabon
78%
#14 II Miejsce Mali
78%
#8 Ćwierćfinał Togo
78%
#15 II Miejsce Gwinea
74%
#1 Faza Grupowa Rwanda
74%
#4 Faza Grupowa Tanzania
74%
#19 Zwycięzca Zambia
74%
#2 Ćwierćfinał Gambia
70%
#5 IV Miejsce Gwinea Równikowa
70%
#4 1/8 Finału Namibia
70%
#4 Ćwierćfinał Republika Zielonego Przylądka
70%
#6 Faza Grupowa Zimbabwe
70%
#14 II Miejsce Burkina Faso
67%
#4 Faza Grupowa Gwinea Bissau
67%
#3 1/8 Finału Mauretania
67%
#8 II Miejsce Uganda
67%
#2 Faza Grupowa Botswana
63%
#6 Faza Grupowa Mozambik
63%
#1 Faza Grupowa Burundi
59%
#2 1/8 Finału Komory
56%
#5 Ćwierćfinał Benin
52%
#3 Faza Grupowa Sierra Leone
52%
#1 Faza Grupowa Mauritius
41%
#3 1/8 Finału Malawi
37%
Nie znaleziono quizów pasujących do podanych kryteriów
Rozkład punktacji
Procent ludzi z każdym wynikiem
Percentyl według liczby udzielonych odpowiedzi
Twoja historia wyników
Nie rozwiązałeś tego quizu